| 000 | 00712nam a2200205 a 4500 | ||
|---|---|---|---|
| 001 | 5065 | ||
| 003 | CDMR | ||
| 005 | 20131016141440.0 | ||
| 008 | 130130s1985||||||||||||||||||||||||||||d | ||
| 020 | _a847132348X | ||
| 040 |
_aCDMR _bcat _cCDMR |
||
| 100 | 1 |
_94086 _aMartínez Riaza, Ascensión |
|
| 245 |
_aLa prensa doctrinal en la independencia del Perú _b: 1811-1824 _cAscensión Martínez Riaza |
||
| 260 |
_aMadrid _bCultura Hispánica. Instituto de Cooperación Iberoamericana _c1985 |
||
| 300 | _a374 p. | ||
| 650 | 0 | 4 |
_93505 _aPremsa _yS. XIX _zAmèrica Llatina _zPerú |
| 650 | 0 | 4 |
_91544 _aPeriodisme _xInfluència _zPerú |
| 650 | 0 | 4 |
_93822 _aMitjans de comunicació de massa i nacionalisme |
| 942 |
_cMON _2udc _n0 |
||
| 999 |
_c5065 _d5065 |
||